PATHOPHYSIOLOGY & COMMON DISEASES (Record no. 32966)

MARC details
000 -LEADER
fixed length control field 00331nam a22001457a 4500
003 - CONTROL NUMBER IDENTIFIER
control field SGT
020 ## - INTERNATIONAL STANDARD BOOK NUMBER
International Standard Book Number 81897483-5
082 ## - DEWEY DECIMAL CLASSIFICATION NUMBER
Classification number 616.07
Item number CHA
100 ## - MAIN ENTRY--PERSONAL NAME
Personal name CHATURVEDI, SUSHMA
245 ## - TITLE STATEMENT
Title PATHOPHYSIOLOGY & COMMON DISEASES
260 ## - PUBLICATION, DISTRIBUTION, ETC. (IMPRINT)
Place of publication, distribution, etc INDIA
Name of publisher, distributor, etc BIRLA PUB.
Year of Publication 2026
300 ## - PAGE DESCRIPTION
No. of Pages 224
650 ## - SUBJECT ADDED ENTRY--TOPICAL TERM
Topical term or geographic name as entry element PATHOPHYSIOLOGY
942 ## - ADDED ENTRY ELEMENTS (KOHA)
Source of classification or shelving scheme Dewey Decimal Classification
Koha item type Books
Holdings
Withdrawn status Lost status Source of classification or shelving scheme Damaged status Not for loan Collection code Home library Current library Shelving location Date acquired Vendor Name Cost, normal purchase price SGTU Bill Number Full call number Accession No. (Barcode) Date last seen Bill Date Koha item type Total Checkouts Date last borrowed
    Dewey Decimal Classification   Not For Loan SCIENCE SGT Science & Social Sciences Library SGT Science & Social Sciences Library Reference Book 28/10/2025 ABC 275.00 SGTU 21721 616.07 CHA DP1031 28/10/2025 17/09/2025 Books    
    Dewey Decimal Classification     SCIENCE SGT Science & Social Sciences Library SGT Science & Social Sciences Library Text Book 28/10/2025 ABC 275.00 SGTU 21721 616.07 CHA DP1032 28/10/2025 17/09/2025 Books    
    Dewey Decimal Classification     SCIENCE SGT Science & Social Sciences Library SGT Science & Social Sciences Library Text Book 28/10/2025 ABC 275.00 SGTU 21721 616.07 CHA DP1033 21/05/2026 17/09/2025 Books 1 21/04/2026
    Dewey Decimal Classification     SCIENCE SGT Science & Social Sciences Library SGT Science & Social Sciences Library Text Book 28/10/2025 ABC 275.00 SGTU 21721 616.07 CHA DP1034 28/10/2025 17/09/2025 Books    
    Dewey Decimal Classification     SCIENCE SGT Science & Social Sciences Library SGT Science & Social Sciences Library Text Book 28/10/2025 ABC 275.00 SGTU 21721 616.07 CHA DP1035 28/10/2025 17/09/2025 Books